Регионална библиотека "Любен Каравелов" - Русе

Бъбривата сврака (Запис номер 148662)

MARC детайли
000 -Лидер
Контролно поле с фиксирана дължина 01484nam a2200325 c 4500
003 - Код на организацията, давaща контролен номер
Контролно поле BLK
005 - Дата и час на последна редакция
Контролно поле 20180422112846.0
008 - Елементи от данни с фиксирана дължина
fixed length control field 180410b bul|||||r ||||||| ||bul||
010 ## - Наследен системен номер
LC control number KNG00154887000
040 ## - Източник на каталожния запис
Идентификатор на билиотеката - собственик на записа BLK
041 ## - Код за език
Код за езика на текст/звукозапис или на отделно заглавие Български
Код за езика КДБФ Български
080 ## - УДК
Текстов определител УДК Руска литература
УДК код - определител по УДК 821.161.1
УДК определител -94-34
УДК - код + определител 821.161.1-94-34
100 1# - Редна дума - Автор
Автор Чарушин, Евгений Иванович
Авторска отговорност първи автор
R(LIN) 380087
139 ## - Редно поле
Редна дума Чарушин, Евгений Иванович
Авторски знак Чару - Ч 39
245 10 - Сведения за заглавието
Заглавие Бъбривата сврака
Подзаглавни данни Приказка
Редно поле (дума) Евгений Иванович Чарушин; прев. от рус. Лиляна Ацева; худож. Евгений Иванович Чарушин.
257 ## - Страна на издаване
Страна на създаване/издаване СССР
260 ## - Област на издателските данни
-- София
Име на издателя, разпространителя и проч. Нар. култура
Година на издаване 1962
Печатница София : ДПК Д. Благоев
300 ## - Физическа характеристика
Страници 20 с.
Илюстрации и др. с ил.
Размери/Мащаб 31 см
380 ## - Жанр
Жанр Детска худож. лит.
500 ## - Общи забележки
Забележка Кор. опис. - Ориг. загл. Болтливая сорока. - 50 080 тир.
653 ## - Ключова дума – ненормативна
Ключова дума детска литература
653 ## - Ключова дума – ненормативна
Ключова дума приказки
700 1# - Други автори (авторска отговорност)
Лично име Ацева, Лиляна
Автороска отговорност (Описва отношението между автора и произведението) прев. от рус.
9 (RLIN) 380060
700 1# - Други автори (авторска отговорност)
Лично име Чарушин, Евгений Иванович
Автороска отговорност (Описва отношението между автора и произведението) худож.
9 (RLIN) 380087
852 ## - Местоположение
Форматна сигнатура Цб ІІ 19239
856 4# - Електронен адрес и достъп
Електронен формат pdf - файл
Път до файла /url/
856 4# - Електронен адрес и достъп
Електронен формат pdf - файл
Път до файла /url/
942 ## - АРТИКУЛИ
Вид на библиотечния материал Книги
Скрит в OPAC Не
944 ## - СЪЗДАВАНЕ И РЕДАКЦИЯ на ЗАПИСА
Създаване/Редакция Създаване
Дата на регистрацията/редакция 21.12.2013
Статус, дата на статуса 21.12.2013 - от С1,Р / 21.12.2013
Служител, извършил регистрацията/редакцията Мирела_Шивачева
944 ## - СЪЗДАВАНЕ И РЕДАКЦИЯ на ЗАПИСА
Създаване/Редакция Редакция
Дата на регистрацията/редакция 25.09.2015
Статус, дата на статуса 21.12.2013 - от С1,Р / 21.12.2013
Служител, извършил регистрацията/редакцията Теодора_Стоянова
999 ## - СИСТЕМНИ КОНТРОЛНИ НОМЕРА
Koha biblionumber 148662
Koha biblioitemnumber 148662
Наличности
Код за отписване Код за изгубен артикул Източник на класификационната схема Код за повреда Коз за рестрикции Код за отдаване Артикулен № Име на библиотеката - собственик Име на библиотеката, в която се намира в момента Статус (Текущо местоположение) Дата на вписване в системата Местоположение - отдел Цена в лева Инвентарен номер Систематично азбучна сигнатура Баркод Номер на екземпляра Цена в евро Служебна бележка Служебен тип на артикула
  Не е изгубен Universal Decimal Classification Не е повреден без рестрикции ползва се в читалня 247572 Регионална библиотека "Любен Каравелов" Русе Регионална библиотека "Любен Каравелов" Русе Хранилище 1962-01-01 Хранилище 0.30 15170/62 Цб ІІ 19239 900000038270 1 0.15 N: стар фонд Дата: 01.01.1962 Книги
Изтеглен Не е изгубен Universal Decimal Classification Не е повреден без рестрикции заемане за дома 247573 Регионална библиотека "Любен Каравелов" Русе Регионална библиотека "Любен Каравелов" Русе Детски отдел 1962-01-01 Детски отдел 0.30 14487/62 ДХ 820/899/Ч 39 14487/62 2 0.15 N: стар фонд Дата: 01.01.1962 Дата инв: 18.09.2015 Бележки инв: Д2015 Книги
Изтеглен Не е изгубен Universal Decimal Classification Не е повреден без рестрикции заемане за дома 247574 Регионална библиотека "Любен Каравелов" Русе Регионална библиотека "Любен Каравелов" Русе Детски отдел 1962-01-01 Детски отдел 0.30 14489/62 ДХ 820/899/Ч 39 14489/62 3 0.15 N: стар фонд Дата: 01.01.1962 Дата инв: 18.09.2015 Бележки инв: Д2015 Книги
Vip Innovations Ltd, Rousse, Bulgaria 2025